Az alvás szerepe az implicit tanulási folyamatokban

Elmentve itt :
Bibliográfiai részletek
Szerzők: Csábi Eszter
Németh Dezső
Dokumentumtípus: Cikk
Megjelent: eLitMed 2014
Sorozat:Ideggyógyászati Szemle 67 No. 1-2
mtmt:2579498
Online Access:http://publicatio.bibl.u-szeged.hu/7025
LEADER 00656nab a2200193 i 4500
001 publ7025
005 20181025154922.0
008 160725s2014 hu o 0|| zxx d
022 |a 0019-1442 
024 7 |a 2579498  |2 mtmt 
040 |a SZTE Publicatio Repozitórium  |b hun 
041 |a zxx 
100 1 |a Csábi Eszter 
245 1 3 |a Az alvás szerepe az implicit tanulási folyamatokban  |h [elektronikus dokumentum] /  |c  Csábi Eszter 
260 |a eLitMed  |c 2014 
300 |a 9-18 
490 0 |a Ideggyógyászati Szemle  |v 67 No. 1-2 
700 0 1 |a Németh Dezső  |e aut 
856 4 0 |u http://publicatio.bibl.u-szeged.hu/7025/1/Csabi%20%26%20N%C3%A9meth_2014.pdf  |z Dokumentum-elérés